| 000 | 01045cad a22002175a 4500 | ||
|---|---|---|---|
| 001 | L151156 | ||
| 008 | 101004s2010 xxk f 000 0 eng d | ||
| 035 | _a(Sirsi) u151156 | ||
| 041 | 0 | _aeng | |
| 100 | 1 | _aIsherwood, Richard | |
| 110 | 2 |
_aGreat Britain _bHealth and Safety Executive |
|
| 245 | 0 | 0 |
_aTower crane incidents worldwide _h[electronic resource] |
| 260 |
_aNorwich _bHSE _c2010 |
||
| 490 | 0 | _aResearch Report RR820 | |
| 520 | _aThe Health and Safety Laboratory of the HSE identified tower crane incidents that had taken place around the world between 1989 to 2009 and obtain, where possible, the causes of each incident and the tower crane involved; the underlying focus of this research was to use the information obtained to assist in advising and guiding the UK tower crane industry to help improve safety. | ||
| 590 | _aKA NTK | ||
| 651 | 4 | _aInternational | |
| 690 |
_aHealth and safety _96244 |
||
| 856 | 4 | 8 |
_uhttps://www.hse.gov.uk/research/rrpdf/rr820.pdf _zView the website free of charge at www.hse.gov.uk |
| 942 | _n0 | ||
| 999 |
_c111200 _d111200 |
||